| 000 | 00413nam a2200157Ia 4500 | ||
|---|---|---|---|
| 008 | 220214s9999 xx 000 0 und d | ||
| 100 | _aNicole M | ||
| 245 | 4 | _aThe Histology of Hevea brasiliensis phloem necrosis | |
| 260 |
_bEuropean Journal of Forest Pathology _c1991 |
||
| 300 | _a27-35 | ||
| 700 | _a6aChrestin H | ||
| 700 | _aGeiger JP | ||
| 700 | _aGiannotti J | ||
| 700 | _aThouvenel JC | ||
| 942 | _cRE | ||
| 999 |
_c45792 _d45792 |
||